JANJAATIYA SAMAZSASHTRA (Record no. 44392)
[ view plain ]
| 000 -LEADER | |
|---|---|
| fixed length control field | 00319nam a2200133Ia 4500 |
| 008 - FIXED-LENGTH DATA ELEMENTS--GENERAL INFORMATION | |
| fixed length control field | 240409s9999 xx 000 0 und d |
| 020 ## - INTERNATIONAL STANDARD BOOK NUMBER | |
| International Standard Book Number | 9.7881316111e+12 |
| 082 ## - DEWEY DECIMAL CLASSIFICATION NUMBER | |
| Item number | DOS - J |
| 100 ## - MAIN ENTRY--PERSONAL NAME | |
| Personal name | DOSHI S.L. |
| 245 #0 - TITLE STATEMENT | |
| Title | JANJAATIYA SAMAZSASHTRA |
| 260 ## - PUBLICATION, DISTRIBUTION, ETC. | |
| Place of publication, distribution, etc. | JAIPUR |
| Name of publisher, distributor, etc. | RAWAT PUBLICATION |
| Date of publication, distribution, etc. | 2022 |
| 300 ## - PHYSICAL DESCRIPTION | |
| Extent | 320 |
| 942 ## - ADDED ENTRY ELEMENTS (KOHA) | |
| Koha item type | Book |
| Withdrawn status | Lost status | Source of classification or shelving scheme | Damaged status | Not for loan | Collection code | Permanent Location | Current Location | Date acquired | Cost, normal purchase price | Total Checkouts | Full call number | Barcode | Date last seen | Date last checked out | Price effective from | Koha item type |
|---|---|---|---|---|---|---|---|---|---|---|---|---|---|---|---|---|
| School of Arts and Humanity | Central Library, MUIT, Lucknow | Central Library, MUIT, Lucknow | 2024-04-09 | 995.00 | 2 | 300 DOS - J | SOA8630 | 2024-09-19 | 2024-09-14 | 2024-04-09 | Book | |||||
| School of Arts and Humanity | Central Library, MUIT, Lucknow | Central Library, MUIT, Lucknow | 2024-04-09 | 995.00 | 300 DOS - J | SOA8631 | 2024-04-09 | 2024-04-09 | Book | |||||||
| School of Arts and Humanity | Central Library, MUIT, Lucknow | Central Library, MUIT, Lucknow | 2024-04-09 | 995.00 | 1 | 300 DOS - J | SOA8632 | 2025-03-20 | 2025-03-06 | 2024-04-09 | Book | |||||
| School of Arts and Humanity | Central Library, MUIT, Lucknow | Central Library, MUIT, Lucknow | 2024-04-09 | 995.00 | 300 DOS - J | SOA8633 | 2024-04-09 | 2024-04-09 | Book | |||||||
| School of Arts and Humanity | Central Library, MUIT, Lucknow | Central Library, MUIT, Lucknow | 2024-04-09 | 995.00 | 300 DOS - J | SOA8634 | 2024-04-09 | 2024-04-09 | Reference Book |